000 00780nam a2200289Ia 4500
005 20260324133655.0
008 008 260324s9999 xx 000 0 eng d
020 _a9781003512950
037 _aEBOOK
040 _aCRL
040 _beng
040 _cCRL
041 _2eng
041 _aeng
084 _qCRL
100 _aCorinna Russell; Gail Marshall; Ralph Pite
_91193934
245 0 _aLives of Victorian Literary Figures, Part I, Volume 2
245 0 _bGeorge Eliot, Charles Dickens and Alfred, Lord Tennyson by their Contemporaries
260 _bTaylor and Francis
260 _c2003
365 _a
365 _b240
856 _uhttp://www.taylorfrancis.com/books/9781003512950
942 _cEBOOK
999 _c1793265
_d1793265